000
00215 a2200097 4500
001
20083
100
_a
Avner
245
_a
Introduction to physical metallurgy
260
_a
_b
McGraw -Hill
_c
090
_c
14677
_d
14677
942
_a
NUST-CAE
_c
M
_c
5199
999
_c
255156
_d
255156